[Event "Let`s play the Nimzo-indian"]
[Site "SchemingMind.com"]
[Date "2012.03.19"]
[Round "-"]
[White "Luki212"]
[Black "BlueMooner"]
[Result "1-0"]
[WhiteCountry "SVK"]
[BlackCountry "ENG"]
[WhiteElo "2058"]
[WhiteRD "77"]
[BlackElo "1860"]
[BlackRD "77"]
[GameID "305378"]

1. d4 Nf6 2. c4 e6 3. Nc3 Bb4 4. g3 d5 5. cxd5 c5 6. dxc6 Nxc6 7. Nf3 Ne4 8. Qd3 f5 9. Bg2 Qa5 10. Bd2 Nxd2
11. Qxd2 O-O 12. O-O Rd8 13. a3 Bf8 14. Rfd1 Bd7 15. b4 Qc7 16. Rac1 Rac8 17. d5 Ne5 18. Nb5 Nxf3+ 19. Bxf3 Qb6 20. Nc3 e5
21. e4 a5 22. d6 Bc6 23. Nd5 Bxd5 24. Qxd5+ Kh8 25. Rxc8 Rxc8 26. d7 Rd8 27. bxa5 Qb2 28. exf5 Qxa3 29. Qxe5 Qxf3 30. Rd5 Qb3
31. f6 Qb1+ 32. Kg2 Qg6 33. Rd4 Qxf6 34. Qd5 Be7 35. Re4 Qd6 36. Qxd6 Bxd6 37. Re8+
1-0

[Event "Let`s play the Nimzo-indian"]
[Site "SchemingMind.com"]
[Date "2012.03.19"]
[Round "-"]
[White "Luki212"]
[Black "clario"]
[Result "1/2-1/2"]
[WhiteCountry "SVK"]
[BlackCountry "RSA"]
[WhiteElo "2066"]
[WhiteRD "71"]
[BlackElo "2242"]
[BlackRD "70"]
[GameID "305379"]

1. d4 Nf6 2. c4 e6 3. Nc3 Bb4 4. g3 c5 5. Nf3 cxd4 6. Nxd4 O-O 7. Bg2 d5 8. Qb3 Bxc3+ 9. bxc3 e5 10. Nf3 dxc4
11. Qxc4 Be6 12. Qh4 Qc7 13. O-O Nbd7 14. Ba3 Rfe8 15. Rfc1 Rad8 16. Qb4= b6 17. c4 Nc5 18. Bb2 Bd7 19. Rd1 a5 20. Qa3 Na4
21. Rab1 Nxb2 22. Qxb2 Rb8 23. Nd2 Bg4 24. Nf1 Qxc4 25. Ne3 Qe6 26. Rd2 e4 27. Rbd1 Bh5 28. Rd4 h6 29. a4 Bg6 30. Bf1 Qe5
31. Nc4 Qh5 32. Qc1 Rbc8 33. Qf4 Rc5 34. Nxb6 Rf5 35. Qc7 Kh7 36. Rd8 e3 37. f3 Rc5 38. Qb8 Rxd8=
1/2-1/2

[Event "Let`s play the Nimzo-indian"]
[Site "SchemingMind.com"]
[Date "2012.03.15"]
[Round "-"]
[White "Luki212"]
[Black "marooned"]
[Result "0-1"]
[WhiteCountry "SVK"]
[BlackCountry "CHI"]
[WhiteElo "2021"]
[WhiteRD "87"]
[BlackElo "1997"]
[BlackRD "71"]
[GameID "305380"]

1. d4 Nf6 2. c4 e6 3. Nc3 Bb4 4. g3 c5 5. Nf3 Nc6 6. Bg2 Ne4 7. Bd2 Nxd2 8. Qxd2 cxd4 9. Nxd4 O-O 10. O-O Ne5
11. b3 Qa5 12. Rfc1 Ba3 13. Rd1 Bb4 14. Rac1 Ba3 15. Rc2 Bb4 16. h3 d6 17. Ndb5 a6 18. a3 Bxc3 19. Qxc3 axb5
0-1

[Event "Let`s play the Nimzo-indian"]
[Site "SchemingMind.com"]
[Date "2012.03.19"]
[Round "-"]
[White "Luki212"]
[Black "Olli Ylönen"]
[Result "1-0"]
[WhiteCountry "SVK"]
[BlackCountry "FIN"]
[WhiteElo "2055"]
[WhiteRD "88"]
[BlackElo "1819"]
[BlackRD "52"]
[GameID "305381"]

1. d4 Nf6 2. c4 e6 3. Nc3 Bb4 4. g3 O-O 5. Bg2 d5 6. cxd5 exd5 7. Nf3 c6 8. O-O Re8 9. Bf4 Nbd7 10. Qc2 Nf8
11. a3 Bd6 12. Bxd6 Qxd6 13. e3 Ng6 14. Rfc1 h6 15. Nd2 b6 16. Na4 Be6 17. b4 Rac8 18. Qd3 Nd7 19. Nb3 h5 20. h4 Nde5
21. dxe5 Nxe5 22. Qd4 Bh3 23. Nd2 Qf6 24. Bxh3
1-0

[Event "Let`s play the Nimzo-indian"]
[Site "SchemingMind.com"]
[Date "2012.03.18"]
[Round "-"]
[White "Luki212"]
[Black "vetran"]
[Result "0-1"]
[WhiteCountry "SVK"]
[BlackCountry "NED"]
[WhiteElo "2058"]
[WhiteRD "77"]
[BlackElo "2001"]
[BlackRD "73"]
[GameID "305382"]

1. d4 Nf6 2. c4 e6 3. Nc3 Bb4 4. g3 c5 5. Nf3 cxd4 6. Nxd4 O-O 7. Bg2 d5 8. Qb3 Bxc3+ 9. bxc3 Nc6 10. Nxc6 bxc6
11. O-O Ba6 12. cxd5 cxd5 13. Ba3 Bxe2 14. Bxf8 Bxf1 15. Bxg7 Bxg2 16. Bxf6 Qxf6 17. Kxg2 Rc8 18. Rc1 Qe5 19. Qb7 Rc7 20. Qb8+ Kg7
21. Qd8 h6 22. f4 Qe2+ 23. Kh3 Rb7 24. Qh4 Rb2 25. Qg4+ Qxg4+ 26. Kxg4 Rxh2 27. a4 Ra2 28. c4 Rxa4 29. c5 Rb4 30. c6 Rb8
31. f5 Rc8 32. fxe6 fxe6 33. c7 a5
0-1

[Event "Let`s play the Nimzo-indian"]
[Site "SchemingMind.com"]
[Date "2012.03.14"]
[Round "-"]
[White "Luki212"]
[Black "kenneth m day"]
[Result "1-0"]
[WhiteCountry "SVK"]
[BlackCountry "USA"]
[WhiteElo "2029"]
[WhiteRD "88"]
[BlackElo "1859"]
[BlackRD "56"]
[GameID "305383"]

1. d4 Nf6 2. c4 e6 3. Nc3 Bb4 4. g3 O-O 5. Bg2 d5 6. cxd5 exd5 7. Nf3 c6 8. O-O Bg4 9. Ne5 Bf5 10. h3 Nbd7
11. Qb3 Bxc3 12. bxc3 Qc7 13. g4 Be6 14. Bf4 Nb6 15. Ng6 fxg6 16. Bxc7
1-0

[Event "Let`s play the Nimzo-indian"]
[Site "SchemingMind.com"]
[Date "2012.03.19"]
[Round "-"]
[White "BlueMooner"]
[Black "Luki212"]
[Result "0-1"]
[WhiteCountry "ENG"]
[BlackCountry "SVK"]
[WhiteElo "1860"]
[WhiteRD "77"]
[BlackElo "2058"]
[BlackRD "77"]
[GameID "305384"]

1. d4 Nf6 2. c4 e6 3. Nc3 Bb4 4. Qc2 O-O 5. e4 d5 6. e5 Ne4 7. a3 Bxc3+ 8. bxc3 c5 9. Bd3 cxd4 10. cxd4 Nc6
11. Bb2 Qa5+ 12. Ke2 f5 13. Nf3 Ne7 14. Rhe1 Bd7 15. a4 Rac8 16. Qb3 Bc6 17. Ba3 Qd8 18. Rac1 Re8 19. Bxe7 Qxe7 20. Kf1 Qf7
21. Qc2 Qd7 22. Ra1 dxc4 23. Qxc4 a6 24. Qb4 Bd5 25. Rec1 Rxc1+ 26. Rxc1 Rc8 27. Rxc8+ Qxc8 28. Qe1 h6 29. Nd2 Qc6 30. Bxe4 fxe4
31. g3 Qxa4 32. Nxe4 Qxd4 33. Nd6 Qd3+ 34. Qe2 Qb1+ 35. Qe1 Bg2+ 36. Kxg2 Qxe1
0-1

[Event "Let`s play the Nimzo-indian"]
[Site "SchemingMind.com"]
[Date "2012.03.19"]
[Round "-"]
[White "clario"]
[Black "Luki212"]
[Result "1-0"]
[WhiteCountry "RSA"]
[BlackCountry "SVK"]
[WhiteElo "2221"]
[WhiteRD "70"]
[BlackElo "2058"]
[BlackRD "77"]
[GameID "305385"]

1. d4 Nf6 2. c4 e6 3. Nc3 Bb4 4. Qc2 O-O 5. a3 Bxc3+ 6. Qxc3 b5 7. cxb5 c6 8. Bg5 cxb5 9. e3 Bb7 10. Nf3 a6
11. Rc1 Nc6 12. Be2 Rc8 13. O-O Ne7 14. Qd3 Be4 15. Qd2 Ned5 16. Ne5 h6 17. Rxc8 Qxc8 18. Bh4 Qa8 19. f3 Bf5 20. e4 Bxe4
21. fxe4 Nxe4 22. Qd3 Nef6 23. Bd1 d6 24. Bf2 dxe5 25. dxe5 Nf4 26. Qg3 N6d5 27. Bc5 Rc8 28. b4 Rd8 29. Kh1= a5 30. Qf3 axb4
31. axb4 Rd7 32. Bc2 Qa2 33. Be4 Kh8 34. g3 Ne2 35. Qg4 Ne3 36. Bxe3
1-0

[Event "Let`s play the Nimzo-indian"]
[Site "SchemingMind.com"]
[Date "2012.03.15"]
[Round "-"]
[White "marooned"]
[Black "Luki212"]
[Result "0-1"]
[WhiteCountry "CHI"]
[BlackCountry "SVK"]
[WhiteElo "1997"]
[WhiteRD "71"]
[BlackElo "2021"]
[BlackRD "87"]
[GameID "305386"]

1. d4 Nf6 2. c4 e6 3. Nc3 Bb4 4. e3 b6 5. Nf3 O-O 6. Bd3 Bb7 7. O-O h6 8. Bd2 d6 9. a3 Bxc3 10. Bxc3 Ne4
11. Be1 Nd7 12. Nd2 Nxd2 13. Bxd2 c5 14. b3 Qh4 15. Bc3 Qg5 16. e4 cxd4 17. Bxd4 f5 18. f3 fxe4 19. fxe4 Ne5 20. Bxe5 Rxf1+
21. Qxf1 Qxe5 22. Kh1 Rf8 23. Qe2 Qxa1+
0-1

[Event "Let`s play the Nimzo-indian"]
[Site "SchemingMind.com"]
[Date "2012.03.19"]
[Round "-"]
[White "Olli Ylönen"]
[Black "Luki212"]
[Result "0-1"]
[WhiteCountry "FIN"]
[BlackCountry "SVK"]
[WhiteElo "1819"]
[WhiteRD "52"]
[BlackElo "2055"]
[BlackRD "88"]
[GameID "305387"]

1. d4 Nf6 2. c4 e6 3. Nc3 Bb4 4. Qc2 O-O 5. a3 Bxc3+ 6. Qxc3 b5 7. cxb5 c6 8. Bg5 Bb7 9. Qf3 d5 10. Bxf6 gxf6
11. e4 cxb5 12. Bd3 dxe4 13. Qg4+ Kh8 14. Bxe4 Qxd4 15. f3 Bxe4 16. Qxe4 Qxe4+ 17. fxe4 Nc6 18. Nf3 Rg8 19. O-O Rg4 20. Rae1 Rd8
21. h3 Rgg8 22. Nh4 Kg7 23. g4 Rd2 24. Rf2 Rgd8 25. Nf3 Rxf2 26. Kxf2 Ne5 27. Nxe5 fxe5 28. Re2 Rd3 29. Re3 Rd2+ 30. Re2 Rxe2+
31. Kxe2 h5 32. Kf3 Kg6
0-1

[Event "Let`s play the Nimzo-indian"]
[Site "SchemingMind.com"]
[Date "2012.03.16"]
[Round "-"]
[White "vetran"]
[Black "Luki212"]
[Result "0-1"]
[WhiteCountry "NED"]
[BlackCountry "SVK"]
[WhiteElo "2001"]
[WhiteRD "73"]
[BlackElo "2058"]
[BlackRD "77"]
[GameID "305388"]

1. d4 Nf6 2. c4 e6 3. Nc3 Bb4 4. Nf3 O-O 5. Qc2 c5 6. dxc5 Bxc5 7. Bg5 h6 8. Bh4 b6 9. e3 Nc6 10. Be2 Bb7
11. a3 Be7 12. O-O Rc8 13. Rfd1 Na5 14. b3 d5 15. Qb2 Qe8 16. cxd5 Nxd5 17. Bxe7 Qxe7 18. Nxd5 Bxd5 19. Nd4 Nc6 20. f3 Qf6
21. Rab1 Nxd4 22. Rxd4 Rc7 23. Bc4 Bxc4 24. Rxc4 Qxb2 25. Rxb2 Rxc4 26. bxc4 Rc8 27. Rb4 Rc5 28. Kf2= Kf8 29. Ke2 Ke7 30. Kd3 Kd6
31. h3 Ra5 32. Rb3 Ra4 33. f4 f6 34. Kd4 h5 35. e4 e5+ 36. fxe5+ fxe5+ 37. Ke3 Rxc4 38. Rd3+ Ke6 39. h4 b5
0-1

[Event "Let`s play the Nimzo-indian"]
[Site "SchemingMind.com"]
[Date "2012.03.14"]
[Round "-"]
[White "kenneth m day"]
[Black "Luki212"]
[Result "0-1"]
[WhiteCountry "USA"]
[BlackCountry "SVK"]
[WhiteElo "1792"]
[WhiteRD "55"]
[BlackElo "2058"]
[BlackRD "77"]
[GameID "305389"]

1. d4 Nf6 2. c4 e6 3. Nc3 Bb4 4. Qc2 O-O 5. Bg5 h6 6. Bh4 c5 7. e3 cxd4 8. exd4 d5 9. Nf3 Nc6 10. O-O-O Be7
11. Be2 b6 12. cxd5 Nb4 13. Qd2 Nfxd5 14. Bxe7 Nxe7 15. a3 Nbd5 16. Ne5 Bb7 17. Kb1 Rc8 18. Rc1 Nxc3+ 19. Rxc3 Be4+ 20. Ka1 Rxc3
21. Qxc3 Qa8 22. f3 Rc8 23. Qe3 Bd5 24. Bd3 Nc6 25. Be4 Na5 26. Bxd5 Qxd5 27. Rd1 Rd8 28. Qc3 Nb3+ 29. Kb1 Nxd4 30. Nc6 Qf5+
31. Ka2 Nxc6 32. Rxd8+ Nxd8 33. Qc7 Qd5+ 34. Ka1 Nc6
0-1

[Event "Let`s play the Nimzo-indian"]
[Site "SchemingMind.com"]
[Date "2012.03.20"]
[Round "-"]
[White "tabanli"]
[Black "BlueMooner"]
[Result "0-1"]
[WhiteCountry "USA"]
[BlackCountry "ENG"]
[WhiteElo "2051"]
[WhiteRD "98"]
[BlackElo "1890"]
[BlackRD "79"]
[GameID "305617"]

1. d4 Nf6 2. c4 e6 3. Nc3 Bb4 4. e3 O-O 5. Bd3 d5 6. cxd5 exd5 7. Ne2 Re8 8. O-O Bd6 9. f3 c5 10. Qe1 Nc6
11. Qf2 a6 12. g4 b5 13. dxc5 Bxc5 14. Nd4 Qb6 15. Nce2 Ra7 16. Bd2 Ne5 17. Bc2 Nc4 18. Bc1 Rae7 19. Nb3 Rxe3
0-1

[Event "Let`s play the Nimzo-indian"]
[Site "SchemingMind.com"]
[Date "2012.03.21"]
[Round "-"]
[White "tabanli"]
[Black "clario"]
[Result "0-1"]
[WhiteCountry "USA"]
[BlackCountry "RSA"]
[WhiteElo "2056"]
[WhiteRD "84"]
[BlackElo "2221"]
[BlackRD "70"]
[GameID "305618"]

1. d4 Nf6 2. c4 e6 3. Nc3 Bb4 4. e3 O-O 5. Bd3 d5 6. cxd5 exd5 7. Ne2 Re8 8. O-O Bd6 9. f3 c5 10. Qe1 Nc6
11. Qf2 c4 12. Bc2 Nb4 13. Bb1 Nd3 14. Bxd3 cxd3 15. Ng3 b6 16. e4 Bxg3 17. hxg3 dxe4 18. fxe4 Qd7 19. e5 Ng4 20. Qf4 Ba6
21. Be3 f6
0-1

[Event "Let`s play the Nimzo-indian"]
[Site "SchemingMind.com"]
[Date "2012.03.17"]
[Round "-"]
[White "tabanli"]
[Black "marooned"]
[Result "1-0"]
[WhiteCountry "USA"]
[BlackCountry "CHI"]
[WhiteElo "2056"]
[WhiteRD "84"]
[BlackElo "1984"]
[BlackRD "72"]
[GameID "305619"]

1. d4 Nf6 2. c4 e6 3. Nc3 Bb4 4. e3 O-O 5. Bd3 d5 6. cxd5 exd5 7. Ne2 c6 8. O-O Re8 9. f3 Nbd7 10. Qe1 c5
11. a3 Ba5 12. Qh4 c4 13. Bc2 a6 14. e4 dxe4 15. fxe4 Qb6 16. Kh1 Bxc3 17. bxc3 Nf8 18. h3 Ng6 19. Qf2 Qe6 20. Ng3 b5
21. Bg5 Bb7 22. Bxf6 gxf6 23. Nh5
1-0

[Event "Let`s play the Nimzo-indian"]
[Site "SchemingMind.com"]
[Date "2012.03.16"]
[Round "-"]
[White "tabanli"]
[Black "Luki212"]
[Result "0-1"]
[WhiteCountry "USA"]
[BlackCountry "SVK"]
[WhiteElo "2028"]
[WhiteRD "82"]
[BlackElo "2066"]
[BlackRD "71"]
[GameID "305620"]

1. d4 Nf6 2. c4 e6 3. Nc3 Bb4 4. e3 b6 5. Ne2 Bb7 6. a3 Be7 7. d5 O-O 8. Ng3 Bd6 9. Be2 c6 10. Nge4 Be5
11. dxc6 dxc6 12. Qc2 Nbd7 13. O-O= Rc8 14. Bf3 Bb8 15. b4 c5= 16. Nxf6+ Nxf6 17. Bxb7 Qc7 18. g3 Qxb7 19. b5 Qf3 20. Bb2 Rfd8
21. Rad1 h5 22. Rd3 h4 23. Rfd1 Rxd3 24. Qxd3 hxg3 25. hxg3 Bxg3 26. fxg3 Qxg3+ 27. Kf1 Ng4 28. Rd2 Qf3+ 29. Ke1 Nxe3 30. Qe2 Qxe2+
31. Rxe2 Nxc4 32. Bc1 Rd8 33. Ne4 f6 34. Nxc5 bxc5 35. Rxe6 Ne5 36. Ke2 Kf7 37. Ra6 Rd7 38. Be3 Nd3 39. Rc6 g5 40. Bxc5 Nxc5
41. Rxc5 g4 42. a4 Kg6 43. a5 f5 44. b6 axb6 45. axb6 f4 46. Rb5 f3+ 47. Ke1 Re7+ 48. Kf1 g3 49. b7 g2+ 50. Kf2 Re1
51. Rb6+ Kf5 52. Rb5+ Kg4 53. Rb4+ Kh3 54. Kxf3 g1=Q
0-1

[Event "Let`s play the Nimzo-indian"]
[Site "SchemingMind.com"]
[Date "2012.03.21"]
[Round "-"]
[White "tabanli"]
[Black "Olli Ylönen"]
[Result "1-0"]
[WhiteCountry "USA"]
[BlackCountry "FIN"]
[WhiteElo "2027"]
[WhiteRD "127"]
[BlackElo "1816"]
[BlackRD "55"]
[GameID "305621"]

1. d4 Nf6 2. c4 e6 3. Nc3 Bb4 4. e3 O-O 5. Bd3 d5 6. cxd5 exd5 7. Ne2 Re8 8. O-O Bd6 9. f3 c5 10. Qe1 Nc6
11. Qf2 a6 12. g4 b5 13. dxc5 Bxc5 14. Nd4 Qb6 15. Nce2 Re7 16. Bd2 Bxg4 17. fxg4 Nxg4 18. Qh4 Nxe3 19. Qxh7+
1-0

[Event "Let`s play the Nimzo-indian"]
[Site "SchemingMind.com"]
[Date "2012.03.18"]
[Round "-"]
[White "tabanli"]
[Black "vetran"]
[Result "1/2-1/2"]
[WhiteCountry "USA"]
[BlackCountry "NED"]
[WhiteElo "2051"]
[WhiteRD "98"]
[BlackElo "1943"]
[BlackRD "77"]
[GameID "305622"]

1. d4 Nf6 2. c4 e6 3. Nc3 Bb4 4. e3 O-O 5. Bd3 d5 6. cxd5 exd5 7. Ne2 Re8 8. O-O Bd6 9. f3 c5 10. Qe1 Nc6
11. Qf2 a6 12. g4 cxd4 13. exd4 h6 14. g5 hxg5 15. Bxg5 Be7 16. Kh1 Kf8 17. Rae1 Ng8 18. Be3=
1/2-1/2

[Event "Let`s play the Nimzo-indian"]
[Site "SchemingMind.com"]
[Date "2012.03.17"]
[Round "-"]
[White "tabanli"]
[Black "kenneth m day"]
[Result "1-0"]
[WhiteCountry "USA"]
[BlackCountry "USA"]
[WhiteElo "2056"]
[WhiteRD "84"]
[BlackElo "1792"]
[BlackRD "55"]
[GameID "305623"]

1. d4 Nf6 2. c4 e6 3. Nc3 Bb4 4. e3 O-O 5. Bd3 d5 6. cxd5 exd5 7. Ne2 Re8 8. Bd2 Nbd7 9. Rc1 c5 10. dxc5 Nxc5
11. Bb1 Bg4 12. O-O Rc8 13. h3 Bh5 14. a3 Bxc3 15. Bxc3 Qb6 16. Bd4 Qd6 17. Bxc5 Rxc5 18. Rxc5 Qxc5 19. Qd4 Qxd4 20. Nxd4 Ne4
21. Ba2 Nf6 22. Rc1 Rb8 23. f4 h6 24. f5 Re8 25. g4 Bxg4 26. hxg4 Nxg4 27. Bxd5 Rxe3 28. Rc8+ Kh7 29. Bxf7 Re1+ 30. Kg2 Re7
31. Bg6#
1-0

[Event "Let`s play the Nimzo-indian"]
[Site "SchemingMind.com"]
[Date "2012.03.20"]
[Round "-"]
[White "BlueMooner"]
[Black "tabanli"]
[Result "0-1"]
[WhiteCountry "ENG"]
[BlackCountry "USA"]
[WhiteElo "1890"]
[WhiteRD "79"]
[BlackElo "2051"]
[BlackRD "98"]
[GameID "305624"]

1. d4 Nf6 2. c4 e6 3. Nc3 Bb4 4. Qc2 d5 5. a3 Bxc3+ 6. Qxc3 Ne4 7. Qc2 Nc6 8. e3 e5 9. f3 Nf6 10. dxe5 Nxe5
11. cxd5 Qxd5 12. e4 Qc6= 13. Qxc6+ Nxc6 14. Be3 Ne5 15. O-O-O Be6 16. Bf4 Nfd7 17. Bb5 O-O-O 18. Rd4 c6 19. Ba4 Nc5 20. Rxd8+ Rxd8
21. Bxe5 Nd3+ 22. Kd2 Nxe5+ 23. Ke1 Nd3+ 24. Kf1 Nxb2
0-1

[Event "Let`s play the Nimzo-indian"]
[Site "SchemingMind.com"]
[Date "2012.03.18"]
[Round "-"]
[White "marooned"]
[Black "tabanli"]
[Result "1/2-1/2"]
[WhiteCountry "CHI"]
[BlackCountry "USA"]
[WhiteElo "2011"]
[WhiteRD "70"]
[BlackElo "2051"]
[BlackRD "98"]
[GameID "305626"]

1. d4 Nf6 2. c4 e6 3. Nc3 Bb4 4. Qc2 d5 5. cxd5 Qxd5 6. e3 c5 7. Bd2 Bxc3 8. Bxc3 cxd4 9. Bxd4 Nc6 10. Bxf6 gxf6
11. Ne2 Bd7 12. Nc3 Qc5 13. Rc1 Ne5 14. Be2 Bc6 15. O-O Rg8 16. g3 f5 17. Qb3 Qe7=
1/2-1/2

[Event "Let`s play the Nimzo-indian"]
[Site "SchemingMind.com"]
[Date "2012.03.17"]
[Round "-"]
[White "Luki212"]
[Black "tabanli"]
[Result "1-0"]
[WhiteCountry "SVK"]
[BlackCountry "USA"]
[WhiteElo "2066"]
[WhiteRD "71"]
[BlackElo "2028"]
[BlackRD "82"]
[GameID "305627"]

1. d4 Nf6 2. c4 e6 3. Nc3 Bb4 4. g3 c5 5. Nf3 cxd4 6. Nxd4 O-O 7. Bg2 d5 8. Qb3 Na6 9. cxd5 Nxd5 10. O-O Ndc7
11. Rd1 Qe7 12. Nc2 Bc5 13. Be3 e5 14. Rac1 Rb8 15. Bxc5 Qxc5= 16. Ne3 Be6 17. Ncd5 Qb5 18. Qxb5 Nxb5 19. Nf5 g6 20. a4 Bxd5
21. Ne7+ Kg7 22. axb5 Bxg2 23. Kxg2 Nb4 24. Rc7 Kf6 25. e4 Ke6 26. Rdd7 a5 27. Rxb7 Rxb7 28. Rxb7 Re8 29. Nc6 Nxc6 30. bxc6 Rc8
31. c7 Kd6 32. Ra7 Rxc7 33. Rxa5 Rb7 34. Rd5+ Ke6 35. Rd2 f5 36. exf5+ gxf5 37. Kf1 h5 38. Rd8 h4 39. gxh4 Rxb2 40. Re8+ Kd5=
41. Kg2 Ke4 42. h5 Rb6 43. Kg3 Rf6 44. f3+ Kd4 45. Kh4 e4 46. f4 e3 47. Kg5
1-0

[Event "Let`s play the Nimzo-indian"]
[Site "SchemingMind.com"]
[Date "2012.03.21"]
[Round "-"]
[White "Olli Ylönen"]
[Black "tabanli"]
[Result "0-1"]
[WhiteCountry "FIN"]
[BlackCountry "USA"]
[WhiteElo "1877"]
[WhiteRD "56"]
[BlackElo "2028"]
[BlackRD "82"]
[GameID "305628"]

1. d4 Nf6 2. c4 e6 3. Nc3 Bb4 4. Qc2 d5 5. cxd5 Qxd5 6. Nf3 Qf5 7. Qxf5 exf5 8. a3 Be7 9. Bg5 c6 10. e3 Be6
11. Bd3 Nbd7 12. O-O h6 13. Bh4 O-O 14. Ne5 Nxe5 15. dxe5 Nd5 16. Nxd5 Bxh4 17. Nc7 Rad8 18. Nxe6 fxe6 19. Rfd1 Rd5 20. g3 Rfd8
21. Be2 Be7 22. f4 Rd2 23. Rxd2 Rxd2 24. Bc4 Kf7 25. Rb1 Bc5 26. b4 Bxe3+ 27. Kh1 Ke7 28. Rb3 Bd4 29. Rd3 Rxd3 30. Bxd3 g5
31. Kg2 gxf4 32. gxf4 b5 33. Bc2 a6 34. Kf3= Bb2 35. a4 Bc3 36. axb5 axb5 37. Ke3 Bxb4 38. Bd1 Ba3 39. Kd4 c5+ 40. Kc3 c4
41. Bf3 Kd7 42. Bh5 Bc1 43. Kb4 Bxf4 44. Kxb5 c3 45. Bd1 Bxh2
0-1

[Event "Let`s play the Nimzo-indian"]
[Site "SchemingMind.com"]
[Date "2012.03.19"]
[Round "-"]
[White "vetran"]
[Black "tabanli"]
[Result "0-1"]
[WhiteCountry "NED"]
[BlackCountry "USA"]
[WhiteElo "1943"]
[WhiteRD "77"]
[BlackElo "2051"]
[BlackRD "98"]
[GameID "305629"]

1. d4 Nf6 2. c4 e6 3. Nc3 Bb4 4. g3 c5 5. Nf3 Qa5 6. Bd2 cxd4 7. Nxd4 Nc6 8. Nc2 O-O 9. Nxb4 Qxb4 10. b3 Qe7
11. Bg2 d5 12. cxd5 exd5 13. O-O d4 14. Na4 Bg4 15. f3 Bf5 16. Re1 Nd5 17. Qc1 Rfe8 18. Qc5 Qd7 19. e4 dxe3 20. Bxe3 b6
21. Qc1 Nxe3
0-1

[Event "Let`s play the Nimzo-indian"]
[Site "SchemingMind.com"]
[Date "2012.03.17"]
[Round "-"]
[White "kenneth m day"]
[Black "tabanli"]
[Result "0-1"]
[WhiteCountry "USA"]
[BlackCountry "USA"]
[WhiteElo "1812"]
[WhiteRD "56"]
[BlackElo "2028"]
[BlackRD "82"]
[GameID "305630"]

1. d4 Nf6 2. c4 e6 3. Nc3 Bb4 4. Qc2 d5 5. a3 Bxc3+ 6. Qxc3 Ne4 7. Qc2 Nc6 8. Nf3 e5 9. e3 exd4 10. exd4 Bf5
11. Bd3 O-O 12. O-O Re8 13. Be3 Bg6 14. cxd5 Qxd5 15. Rac1 Rac8 16. Bc4 Qd6 17. Bd3 Nf6 18. Rfd1 Nd5 19. Bxg6 hxg6 20. Qd3 Re6
21. Ng5 Ree8 22. Re1 Nf6 23. Qb3 Nd8 24. Rc2 Qd5 25. Qb4 Rxe3 26. Rxe3 Qxg5 27. h3 b6 28. Rcc3 Ne6 29. Rg3 Qd2 30. Rgd3 Qe1+
31. Kh2 Qxf2 32. Rc1 Qf4+
0-1